000 00779nam a2200241Ia 4500
001 8591
003 GE_BSU
008 181216s||||||||xx |||||||||||||| ||und||
040 _cGE_BSU
080 _a821.353.1-31
100 _aთავაძე, სოლომონ
245 _aმაისის განთიადი
245 _bრომანი
245 _cრედ.: რ. ბეჟაშვილი; მხატვ.: გ.როინიშვილი
260 _aთბილისი.
260 _bსაბჭ. საქართველო
260 _c1959
300 _a610 გვ; 20 სმ.
653 _aმაისის განთიადი
653 _aრომანი
653 _aტრილოგია
942 _cBK
999 _c41907
_d41907